All 5-Letter Words Starting with “O” - Statistics

General Stats
  • This quiz has been taken 621 times
    452 since last reset
  • The average score is 47 of 195
Answer Stats
Word % Correct
offer
84%
opens
84%
order
77%
otter
77%
outer
75%
owner
75%
other
74%
overs
72%
older
71%
ogres
69%
oiled
66%
omens
66%
ovals
66%
overt
66%
odder
65%
often
64%
opals
63%
ovens
63%
oiler
62%
okays
62%
orcas
62%
oboes
59%
opera
59%
ousts
59%
owned
59%
olive
58%
organ
57%
ovary
56%
ozone
56%
obeys
54%
opine
54%
outed
53%
ochre
51%
odors
51%
orals
51%
ounce
51%
occur
50%
oaths
49%
oddly
49%
ogles
49%
oaken
48%
omits
48%
oozes
48%
orbit
48%
oasis
47%
oxide
47%
oinks
46%
oozed
46%
oared
45%
ocean
44%
olden
44%
onion
43%
oaked
42%
onset
41%
orate
41%
optic
40%
oscar
40%
offal
39%
ogled
39%
offed
38%
oasts
37%
oater
37%
ogler
37%
obits
35%
okras
33%
opted
33%
owing
33%
octet
31%
opium
30%
owlet
30%
oaten
29%
ovine
29%
ollie
27%
ombre
27%
odour
26%
orang
26%
ovate
26%
obese
25%
oldie
25%
olios
23%
oomph
23%
ovoid
22%
ocher
21%
okapi
21%
oleos
21%
oches
20%
oases
19%
orbed
19%
ortho
19%
outre
19%
ovule
19%
omega
18%
ottos
17%
ought
17%
ogees
16%
osier
16%
outdo
16%
odium
15%
omber
15%
objet
13%
octan
13%
oxbow
13%
ofter
12%
ocker
11%
octal
11%
odeon
11%
oriel
11%
outgo
10%
oxers
10%
omers
9%
ormer
9%
ogive
8%
oohed
8%
oyers
8%
oaves
7%
onlay
7%
outro
7%
oxeye
7%
oxter
7%
oleic
6%
ordos
6%
orris
6%
owies
6%
oxids
6%
oakum
5%
ollas
5%
orlon
5%
oxlip
5%
obole
4%
octad
4%
oread
4%
orzos
4%
ossia
4%
outta
4%
ouzel
4%
ouzos
4%
obias
3%
ochry
3%
odist
3%
olein
3%
opahs
3%
oping
3%
obeah
2%
oleum
2%
oncet
2%
onery
2%
orach
2%
orgic
2%
orles
2%
orlop
2%
osmic
2%
ousel
2%
outby
2%
obeli
1%
obols
1%
ocrea
1%
octyl
1%
oculi
1%
odeum
1%
ogams
1%
ogham
1%
ohias
1%
ohmic
1%
okehs
1%
ology
1%
ontic
1%
ootid
1%
opsin
1%
orcin
1%
ornis
1%
orpin
1%
ostia
1%
otaku
1%
ottar
1%
ourie
1%
ovolo
1%
oxime
1%
oboli
0%
odahs
0%
odyle
0%
odyls
0%
ogeed
0%
ohing
0%
oidia
0%
omasa
0%
onium
0%
oorie
0%
oracy
0%
oribi
0%
osmol
0%
ouphe
0%
ouphs
0%
ovoli
0%
owsen
0%
oxims
0%
No matching quizzes found
Score Distribution
Percent of People with Each Score
Percentile by Number Answered
Your Score History
You have not taken this quiz since the last reset